| 000 | 01374nam a22003255i 4500 | ||
|---|---|---|---|
| 999 |
_c28165 _d28136 |
||
| 003 | EG-ScBUE | ||
| 005 | 20201128024425.0 | ||
| 008 | 200219t20202020paua f 000 0 eng d | ||
| 020 | _a9781975150471 | ||
| 020 | _a1975150473 | ||
| 040 |
_aEG-ScBUE _beng _erda _cEG-ScBUE _dEG-ScBUE |
||
| 082 | 0 | 4 |
_a610.73076 _bNCL _222 |
| 245 | 0 | 0 |
_aNCLEX-RN review made incredibly easy! / _cclinical editor Candice Rome, DNP, RN, Chair, Digital Learning Programs, Associate Professor of Nursing, Hunt School of Nursing, Gardner-Webb University, Boiling Springs, North Carolina. |
| 250 | _aSixth edition. | ||
| 250 | _aInternational edition. | ||
| 264 | 1 |
_aPhiladelphia, Pennsylvania : _bWolters Kluwer / Lippincott Williams & Wilkins, _c[2020] |
|
| 264 | 4 | _cc2020 | |
| 300 |
_ax, 783 pages : _billustrations (color) ; _c28 cm |
||
| 336 |
_atext _btxt _2rdacontent |
||
| 337 |
_aunmediated _bn _2rdamedia |
||
| 338 |
_avolume _bnc _2rdacarrier |
||
| 650 | 7 |
_aNursing _vExaminations, questions, etc. _2BUEsh |
|
| 650 | 7 |
_aNational Council Licensure Examination for Registered Nurses _vStudy guides. _2BUEsh |
|
| 650 | 7 |
_aNursing Care _vExaminations, questions, etc. _2BUEsh |
|
| 653 |
_bNNUR _cFebruary2020 |
||
| 700 | 1 |
_aRome, Candice, _eeditor. _92179 |
|
| 856 | 4 | 0 |
_3Resources for student on thePoint _uhttps://thepoint.lww.com/activate |
| 942 |
_2ddc _cBB |
||